[Event "Llinars del Valles op-B 8th"]
[Site "Llinars del Valles"]
[Date "2015.04.25"]
[Round "3"]
[White "Berbel Gutierrez, Jose Guillermo"]
[Black "Lafuente Ruiz, Jose Manuel"]
[Result "0-1"]
[WhiteElo "1796"]
[BlackElo "1844"]
[PlyCount "64"]
[EventDate "2015.04.11"]
[EventType "swiss"]
[EventRounds "9"]
[EventCountry "ESP"]
[SourceTitle "EXT 2016"]
[Source "ChessBase"]
[SourceDate "2015.10.08"]
[SourceVersion "1"]
[SourceVersionDate "2015.10.08"]
[SourceQuality "1"]

1. d4 Nf6 2. c4 g6 3. Nc3 Bg7 4. e4 d6 5. Be2 0-0 6. Bg5 Nbd7 7. Nf3 h6 8. Be3 Ng4 9. Bd2 e5 10. d5 Ngf6 11. Qc1 g5 12. h3 Nc5 13. b4 Ncxe4 14. Bd3 Nxc3 15. Bxc3 e4 16. Bxf6 Qxf6 17. Bxe4 Qxa1 18. Qxa1 Bxa1 19. 0-0 Be5 20. Nd2 f5 21. Bd3 g4 22. h4 Bf6 23. g3 Bd7 24. Rd1 Rf7 25. b5 Raf8 26. Kg2 f4 27. Ne4 Bf5 28. Nxd6 Bxd3 29. Nxf7 Be4+ 30. Kf1 Rxf7 31. d6 cxd6 32. Rxd6 fxg3 0-1

[Event "Llinars del Valles Tardor op 6th"]
[Site "Llinars del Valles"]
[Date "2014.11.14"]
[Round "6"]
[White "Lafuente Ruiz, Jose Manuel"]
[Black "Vidal Palou, Jordi"]
[Result "1-0"]
[WhiteElo "1845"]
[BlackElo "1934"]
[PlyCount "75"]
[EventDate "2014.10.03"]
[EventType "swiss"]
[EventRounds "8"]
[EventCountry "ESP"]
[SourceTitle "CBM 163 Extra"]
[Source "ChessBase"]
[SourceDate "2014.12.23"]
[SourceVersion "1"]
[SourceVersionDate "2014.12.23"]
[SourceQuality "1"]

1. e4 c5 2. Nf3 Nc6 3. d4 cxd4 4. Nxd4 e6 5. Nc3 d6 6. Be3 Nf6 7. f3 g6 8. Qd2 Bg7 9. 0-0-0 0-0 10. g4 Qa5 11. Nb3 Qd8 12. h4 a5 13. Na4 Nb4 14. a3 Bd7 15. Nb6 Ne8 16. axb4 a4 17. Nxa8 Qxa8 18. Na1 a3 19. Bd4 e5 20. Bc3 Be6 21. bxa3 Qxa3+ 22. Bb2 Qxf3 23. Qg2 Qe3+ 24. Kb1 Qa7 25. c4 Nc7 26. Rh3 Qa4 27. Nc2 Na6 28. Ra3 Qd7 29. c5 Bxg4 30. Rxd6 Qc8 31. Bxa6 bxa6 32. Rdxa6 f5 33. Ne3 Bh5 34. exf5 gxf5 35. Bxe5 Bg4 36. Bxg7 Kxg7 37. Ra7+ Kg8 38. Qd5+ 1-0

[Event "Llinars del Valles Tardor op 6th"]
[Site "Llinars del Valles"]
[Date "2014.10.24"]
[Round "4"]
[White "Vega Benitez, Oscar"]
[Black "Lafuente Ruiz, Jose Manuel"]
[Result "0-1"]
[WhiteElo "1701"]
[BlackElo "1845"]
[PlyCount "44"]
[EventDate "2014.10.03"]
[EventType "swiss"]
[EventRounds "8"]
[EventCountry "ESP"]
[SourceTitle "CBM 163 Extra"]
[Source "ChessBase"]
[SourceDate "2014.12.23"]
[SourceVersion "1"]
[SourceVersionDate "2014.12.23"]
[SourceQuality "1"]

1. e4 e5 2. Nf3 Nc6 3. Bb5 Nd4 4. Nxd4 exd4 5. d3 c6 6. Ba4 Qa5+ 7. c3 dxc3 8. Nxc3 b5 9. Qh5 Nf6 10. Qe5+ Be7 11. Bb3 d6 12. Qg5 0-0 13. 0-0 Qc7 14. Qg3 Ng4 15. h3 Ne5 16. Bh6 Ng6 17. Bf4 a5 18. Rac1 Qd8 19. Ne2 a4 20. Bd1 c5 21. Nc3 Nxf4 22. Qxf4 Bg5 0-1

[Event "Llinars del Valles op 5th"]
[Site "Llinars del Valles"]
[Date "2013.10.25"]
[Round "4"]
[White "Vega Benitez, Oscar"]
[Black "Lafuente Ruiz, Jose Manuel"]
[Result "0-1"]
[WhiteElo "1704"]
[BlackElo "1834"]
[PlyCount "27"]
[EventDate "2013.10.04"]
[EventType "swiss"]
[EventRounds "8"]
[EventCountry "ESP"]
[SourceTitle "CBM 157 Extra"]
[Source "ChessBase"]
[SourceDate "2013.12.19"]
[SourceVersion "1"]
[SourceVersionDate "2013.12.19"]
[SourceQuality "1"]

1. e4 e5 2. Nf3 Nc6 3. Bb5 Nd4 4. Nxd4 exd4 5. d3 c6 6. Bc4 b5 7. Bb3 a5 8. a4 Nf6 9. 0-0 d5 10. e5 Ng4 11. Re1 Qh4 12. h3 Qxf2+ 13. Kh1 Qh4 14. Qf3 0-1

[Event "Llinars del Valles op-B 6th"]
[Site "Llinars del Valles"]
[Date "2012.04.28"]
[Round "3"]
[White "Lafuente Ruiz, Jose Manuel"]
[Black "Salleras Mercader, Josep M"]
[Result "1/2-1/2"]
[WhiteElo "1636"]
[BlackElo "1462"]
[PlyCount "106"]
[EventDate "2012.04.14"]
[EventType "swiss"]
[EventRounds "9"]
[EventCountry "ESP"]
[SourceTitle "EXT 2013"]
[Source "ChessBase"]
[SourceDate "2012.11.22"]
[SourceVersion "1"]
[SourceVersionDate "2012.11.22"]
[SourceQuality "1"]

1. e4 e5 2. Nf3 Nc6 3. Bc4 Bc5 4. b4 Bxb4 5. c3 Ba5 6. Qb3 Qe7 7. 0-0 Bb6 8. Ba3 Na5 9. Qa4 Qd8 10. Nxe5 Nxc4 11. Qxc4 Qf6 12. d4 Ne7 13. Ng4 Qe6 14. Qe2 d5 15. Ne3 dxe4 16. Nd2 c6 17. f3 exf3 18. Nxf3 0-0 19. Rae1 Re8 20. Qc2 Qd7 21. Ng5 Ng6 22. Rxf7 Qd8 23. h4 a5 24. Ref1 Bxd4 25. cxd4 Qxd4 26. Rf8+ Rxf8 27. Rxf8+ Nxf8 28. Qb3+ Be6 29. Nxe6 Qa1+ 30. Nf1 Nxe6 31. Qxe6+ Kh8 32. Bc5 Qf6 33. Qg4 Qf7 34. Ng3 Qg6 35. Qf4 Qf6 36. Nf5 Rg8 37. Bd4 Qd8 38. Nh6 Rf8 39. Qg4 Qc7 40. Nf5 Rf7 41. Qe4 Qd8 42. Nd6 Qf8 43. Nxf7+ Qxf7 44. Qe5 h6 45. Qxa5 Qf4 46. Qd8+ Kh7 47. Bf2 c5 48. Qe7 c4 49. Qxb7 c3 50. Qb1+ Kh8 51. Qc2 Qd2 52. Qe4 c2 53. Qe8+ Kh7 1/2-1/2

[Event "Roncana op-A 5th"]
[Site "Santa Eulalia de Roncana"]
[Date "2011.11.26"]
[Round "8"]
[White "Lafuente Ruiz, Jose Manuel"]
[Black "Canovas Pardo, Jordi"]
[Result "0-1"]
[WhiteElo "1658"]
[BlackElo "1764"]
[PlyCount "40"]
[EventDate "2011.10.01"]
[EventType "swiss"]
[EventRounds "8"]
[EventCountry "ESP"]
[SourceTitle "EXT 2013"]
[Source "ChessBase"]
[SourceDate "2012.11.22"]
[SourceVersion "1"]
[SourceVersionDate "2012.11.22"]
[SourceQuality "1"]

1. e4 e5 2. Nf3 Nc6 3. Bc4 Bc5 4. b4 Bxb4 5. c3 Ba5 6. Qb3 Qe7 7. 0-0 Nf6 8. Ba3 d6 9. d4 0-0 10. dxe5 Nxe5 11. Nxe5 Qxe5 12. f3 a6 13. Bb2 b5 14. Bd3 Qc5+ 15. Kh1 Be6 16. Qc2 Bc4 17. Nd2 Bxd3 18. Qxd3 Bb6 19. Rfc1 Nh5 20. Nb3 Ng3+ 0-1

[Event "Roncana op-A 5th"]
[Site "Santa Eulalia de Roncana"]
[Date "2011.11.05"]
[Round "5"]
[White "Lafuente Ruiz, Jose Manuel"]
[Black "Fernandez Felguera, Alvaro"]
[Result "0-1"]
[WhiteElo "1658"]
[BlackElo "1771"]
[PlyCount "143"]
[EventDate "2011.10.01"]
[EventType "swiss"]
[EventRounds "8"]
[EventCountry "ESP"]
[SourceTitle "EXT 2013"]
[Source "ChessBase"]
[SourceDate "2012.11.22"]
[SourceVersion "1"]
[SourceVersionDate "2012.11.22"]
[SourceQuality "1"]

1. e4 e6 2. d4 d5 3. e5 c5 4. Nf3 Nc6 5. c3 Qb6 6. Be2 Nge7 7. 0-0 Nf5 8. dxc5 Bxc5 9. b4 Be7 10. a4 Qc7 11. Bb5 0-0 12. Bxc6 bxc6 13. Bf4 a5 14. bxa5 Qxa5 15. Nd4 Nxd4 16. cxd4 Bb4 17. Bd2 c5 18. dxc5 Qxc5 19. Bxb4 Qxb4 20. Qd2 Rxa4 21. Rxa4 Qxa4 22. Nc3 Qa5 23. Qb2 Bd7 24. Ra1 Qc7 25. Ne2 Rb8 26. Qd4 h6 27. h3 Qb6 28. Qxb6 Rxb6 29. Ra8+ Kh7 30. Ra7 Bb5 31. Nc3 Kg6 32. f4 Bc6 33. g4 Rb7 34. Ra6 Bd7 35. Kf2 Rc7 36. Nd1 Kh7 37. Ke3 Bb5 38. Rb6 Ba4 39. Nf2 Bc2 40. h4 Ba4 41. f5 exf5 42. gxf5 Bc2 43. f6 Rc4 44. e6 fxe6 45. f7 Rc8 46. Rxe6 Bg6 47. Re8 Rxe8+ 48. fxe8Q Bxe8 49. Ng4 Kg6 50. Kf4 Kh5 51. Kg3 d4 52. Ne5 Bb5 53. Nf3 d3 54. Nd2 Bd7 55. Ne4 Be6 56. Nd2 Bd5 57. Nf1 g5 58. hxg5 Kxg5 59. Kf2 h5 60. Ne3 Bc6 61. Nc4 Kf4 62. Nd2 h4 63. Kg1 Ke3 64. Nf1+ Ke2 65. Ng3+ Ke1 66. Nf1 d2 67. Nxd2 Kxd2 68. Kh2 Bd7 69. Kh1 Ke3 70. Kh2 Kf4 71. Kh1 Kg3 72. Kg1 0-1

[Event "Llinars del Valles Tardor op 3rd"]
[Site "Llinars del Valles"]
[Date "2011.10.28"]
[Round "5"]
[White "Llonch Mur, Jordi"]
[Black "Lafuente Ruiz, Jose Manuel"]
[Result "1-0"]
[WhiteElo "2119"]
[BlackElo "1658"]
[PlyCount "131"]
[EventDate "2011.09.30"]
[EventType "swiss"]
[EventRounds "9"]
[EventCountry "ESP"]
[SourceTitle "EXT 2013"]
[Source "ChessBase"]
[SourceDate "2012.11.22"]
[SourceVersion "1"]
[SourceVersionDate "2012.11.22"]
[SourceQuality "1"]

1. d4 Nf6 2. Bg5 d5 3. Nd2 Nc6 4. e3 h6 5. Bh4 g5 6. Bg3 Bf5 7. c3 Bg7 8. Bb5 a6 9. Ba4 b5 10. Bc2 Ne4 11. Nxe4 Bxe4 12. Bxe4 dxe4 13. Qg4 Qd5 14. Bxc7 e5 15. dxe5 0-0 16. Bd6 Rfd8 17. Qd1 Qe6 18. Qc2 Nxe5 19. Bxe5 Qxe5 20. Ne2 Rd3 21. 0-0 Rad8 22. Nd4 Qc7 23. Qb3 Bxd4 24. exd4 R8xd4 25. a3 Rd7 26. a4 Qc4 27. Qxc4 bxc4 28. Rfe1 f5 29. g4 Rd2 30. gxf5 Rxb2 31. Rxe4 Rdd2 32. Rf1 Rd5 33. Rxc4 Rxf5 34. Kg2 h5 35. Kg3 Kf7 36. h3 Rd2 37. Rc7+ Kg6 38. Rc6+ Rf6 39. Rxf6+ Kxf6 40. Rb1 Rd3+ 41. Kg2 Rd6 42. Rb4 Ke5 43. Kg3 Rd3+ 44. f3 Rxc3 45. Rb6 h4+ 46. Kg4 Rc4+ 47. Kxg5 Rxa4 48. Rb8 Ra3 49. f4+ Ke4 50. Re8+ Kf3 51. f5 Kg3 52. f6 Rf3 53. Re5 Kxh3 54. Rf5 Rg3+ 55. Kh6 Rg8 56. Rg5 Rh8+ 57. Kg7 Ra8 58. f7 Kh2 59. Kf6 Rf8 60. Rg8 Rxf7+ 61. Kxf7 h3 62. Ke6 Kh1 63. Kd5 h2 64. Ke4 a5 65. Kf3 a4 66. Rd8 1-0

[Event "Roncana op-A 5th"]
[Site "Santa Eulalia de Roncana"]
[Date "2011.10.08"]
[Round "2"]
[White "Lafuente Ruiz, Jose Manuel"]
[Black "Fernandez Aguilar, Francisco"]
[Result "0-1"]
[WhiteElo "1658"]
[BlackElo "1922"]
[PlyCount "88"]
[EventDate "2011.10.01"]
[EventType "swiss"]
[EventRounds "8"]
[EventCountry "ESP"]
[SourceTitle "EXT 2013"]
[Source "ChessBase"]
[SourceDate "2012.11.22"]
[SourceVersion "1"]
[SourceVersionDate "2012.11.22"]
[SourceQuality "1"]

1. e4 e5 2. Nf3 Nc6 3. Bc4 Nf6 4. c3 Nxe4 5. d4 d5 6. Bb3 exd4 7. 0-0 Be7 8. Nxd4 0-0 9. Nd2 Nxd4 10. cxd4 Bf5 11. Qf3 Bg6 12. Nxe4 Bxe4 13. Qh3 c6 14. f3 Bg6 15. g4 f5 16. Bd2 fxg4 17. fxg4 Qd7 18. Rae1 Bf6 19. Rf4 Rae8 20. Qg3 Rxe1+ 21. Bxe1 Bg5 22. Rf1 Re8 23. h4 Be3+ 24. Kg2 Bxd4 25. h5 Re2+ 26. Bf2 Bxf2 27. Rxf2 Be4+ 28. Kf1 Rxf2+ 29. Kxf2 Qd8 30. Qe5 Qf6+ 31. Qxf6 gxf6 32. Ke3 h6 33. Kf4 Kf7 34. Bd1 Ke6 35. a4 b6 36. b4 c5 37. bxc5 bxc5 38. Be2 a5 39. Bf1 c4 40. Bh3 Kd6 41. Ke3 Kc5 42. Bf1 Bc2 43. Kf4 d4 44. Bg2 Bh7 0-1

[Event "Llinars del Valles Tardor op 3rd"]
[Site "Llinars del Valles"]
[Date "2011.09.30"]
[Round "1"]
[White "Lafuente Ruiz, Jose Manuel"]
[Black "Mas Recorda, Pere"]
[Result "0-1"]
[WhiteElo "1658"]
[BlackElo "2087"]
[PlyCount "68"]
[EventDate "2011.09.30"]
[EventType "swiss"]
[EventRounds "9"]
[EventCountry "ESP"]
[SourceTitle "EXT 2013"]
[Source "ChessBase"]
[SourceDate "2012.11.22"]
[SourceVersion "1"]
[SourceVersionDate "2012.11.22"]
[SourceQuality "1"]

1. e4 e6 2. d4 d5 3. exd5 exd5 4. Nf3 Bd6 5. Nc3 Ne7 6. Be3 Nbc6 7. Bb5 Bg4 8. h3 Bh5 9. g4 Bg6 10. Qd2 a6 11. Ba4 f6 12. g5 Bh5 13. Nh4 Qd7 14. Ne2 0-0-0 15. 0-0-0 fxg5 16. Bxc6 Nxc6 17. Bxg5 Rde8 18. Rde1 h6 19. Be3 g5 20. Ng2 Bf3 21. Reg1 Qe6 22. Ng3 Bxg3 23. fxg3 Bxg2 24. Qxg2 Qxe3+ 25. Kb1 Re4 26. a3 Qxd4 27. Qf3 Qe5 28. c3 Re8 29. h4 g4 30. Qf7 Re2 31. Qg6 h5 32. Rf1 Na5 33. Rf5 Qe4+ 34. Ka2 Qxh1 0-1

[Event "Cerdanyola del Valles op 28th"]
[Site "Cerdanyola del Valles"]
[Date "2010.10.30"]
[Round "5"]
[White "Lafuente Ruiz, Jose Manuel"]
[Black "Martinez Ferrer, Albert"]
[Result "0-1"]
[WhiteElo "1690"]
[BlackElo "1845"]
[PlyCount "90"]
[EventDate "2010.10.02"]
[EventType "swiss"]
[EventRounds "7"]
[EventCountry "ESP"]
[SourceTitle "EXT 2012"]
[Source "ChessBase"]
[SourceDate "2011.11.24"]
[SourceVersion "1"]
[SourceVersionDate "2011.11.24"]
[SourceQuality "1"]

1. e4 c5 2. Nf3 Nc6 3. d4 cxd4 4. Nxd4 e6 5. Bc4 Be7 6. Nc3 a6 7. a3 d6 8. Be3 Nf6 9. f3 Bd7 10. Qd2 Qc7 11. Ba2 Rc8 12. 0-0-0 Ne5 13. Qe2 Nc4 14. Bxc4 Qxc4 15. Qxc4 Rxc4 16. Nb1 e5 17. Nf5 Bxf5 18. exf5 d5 19. Bg5 d4 20. Rhe1 Nd7 21. Bxe7 Kxe7 22. f4 Rhc8 23. c3 dxc3 24. Nxc3 Rxf4 25. Kb1 Rxf5 26. Nd5+ Ke6 27. g4 Rf2 28. Nc3 Rc6 29. Rd5 Rxc3 30. Rxd7 Kxd7 31. bxc3 f6 32. h3 Rf3 33. h4 Rxc3 34. Kb2 Rg3 35. g5 Ke6 36. gxf6 gxf6 37. Rc1 Rg7 38. h5 h6 39. Kb3 f5 40. Rc8 f4 41. Rh8 f3 42. Rxh6+ Kf5 43. Rh8 Rf7 44. Rd8 f2 45. Rd1 Ke4 0-1